[Event "Titled Tuesday intern op 27th Aug Late"]
[White "Cremisi, Daniel Josef"]
[Black "Mingo Fernandez, Matias"]
[Site "Chess.com INT"]
[Round "1"]
[Result "1-0"]
[Date "2024.08.27"]
[WhiteElo "2213"]
[BlackElo "2177"]
[PlyCount "61"]
[EventDate "2024.08.27"]
[EventType "swiss (blitz)"]
[EventRounds "11"]
[EventCountry "USA"]
[SourceTitle "EXT 2025"]
[Source "ChessBase"]
[SourceDate "2024.10.14"]
[SourceVersion "1"]
[SourceVersionDate "2024.10.14"]
[SourceQuality "1"]

1. e4 e6 2. d4 d5 3. exd5 exd5 4. Nf3 Bd6 5. Bd3 Ne7 6. 0-0 Bg4 7. c3 Nbc6 8. Nbd2 Qd7 9. Qc2 0-0-0 10. b4 Rde8 11. a4 f6 12. a5 Kb8 13. b5 Nd8 14. c4 dxc4 15. Bxc4 g5 16. b6 a6 17. bxc7+ Qxc7 18. Rb1 Ka8 19. Qd3 Bf5 20. Ne4 Nec6 21. Bd5 g4 22. Nh4 Bxe4 23. Bxe4 Bxh2+ 24. Kh1 Bd6 25. Nf5 Bf8 26. g3 h5 27. Bf4 Qd7 28. Rb6 h4 29. gxh4 Ne6 30. Rxa6+ bxa6 31. Qxa6+ 1-0

[Event "Titled Tuesday intern op 09th Apr Late"]
[White "Duda, Jan Krzysztof"]
[Black "Cremisi, Daniel Josef"]
[Site "Chess.com INT"]
[Round "2"]
[Result "1-0"]
[Date "2024.04.09"]
[WhiteElo "2731"]
[BlackElo "2170"]
[PlyCount "40"]
[EventDate "2024.04.09"]
[EventType "swiss (blitz)"]
[EventRounds "11"]
[EventCountry "USA"]
[SourceTitle "EXT 2025"]
[Source "ChessBase"]
[SourceDate "2024.10.14"]
[SourceVersion "1"]
[SourceVersionDate "2024.10.14"]
[SourceQuality "1"]

1. e4 e6 2. d4 d5 3. Nd2 dxe4 4. Nxe4 Nd7 5. Nf3 Be7 6. Bd3 Ngf6 7. Nxf6+ Nxf6 8. Qe2 b6 9. Be3 0-0 10. 0-0-0 Bb7 11. Kb1 Nd5 12. Bd2 Qc8 13. h4 c5 14. dxc5 Qxc5 15. Ng5 Nf6 16. Bc3 h6 17. a3 Nd5 18. Bd4 Qc7 19. Qh5 Nf4 20. Qxh6 g6 1-0

[Event "Titled Tuesday intern op 19th Mar Late"]
[White "Cremisi, Daniel Josef"]
[Black "Keymer, Vincent"]
[Site "Chess.com INT"]
[Round "2"]
[Result "1-0"]
[Date "2024.03.19"]
[WhiteElo "2170"]
[BlackElo "2738"]
[PlyCount "129"]
[EventDate "2024.03.19"]
[EventType "swiss (blitz)"]
[EventRounds "11"]
[EventCountry "USA"]
[SourceTitle "EXT 2025"]
[Source "ChessBase"]
[SourceDate "2024.10.14"]
[SourceVersion "1"]
[SourceVersionDate "2024.10.14"]
[SourceQuality "1"]

1. d4 Nf6 2. c4 e6 3. Nf3 b6 4. g3 Ba6 5. Qc2 Bb7 6. Bg2 Bb4+ 7. Bd2 a5 8. 0-0 0-0 9. a3 Bxd2 10. Qxd2 d6 11. Nc3 Ne4 12. Nxe4 Bxe4 13. Ne1 Bxg2 14. Nxg2 a4 15. Nf4 Nc6 16. e3 Qd7 17. Rad1 Rfe8 18. Qc3 h6 19. d5 Na5 20. dxe6 fxe6 21. c5 bxc5 22. Qxc5 Nb3 23. Qc2 Rac8 24. Ne2 c5 25. Nc1 c4 26. Nxb3 cxb3 27. Qd3 Rc2 28. Rd2 Rec8 29. Rfd1 d5 30. e4 d4 31. Rxc2 bxc2 32. Rc1 Qc7 33. Qxd4 Qc6 34. Qd3 Qc5 35. Kg2 Kh8 36. h4 e5 37. Qd7 Qc4 38. Qd5 Qc7 39. Qd3 Qc6 40. Qd5 Qc7 41. Qd3 Qc5 42. Qd5 Qd4 43. Qxd4 exd4 44. Kf3 d3 45. Ke3 Rd8 46. Kd2 h5 47. f4 Kg8 48. f5 Kf7 49. e5 Rd5 50. Re1 Ke7 51. Re3 Rc5 52. Re1 Kf7 53. Kc1 Ke8 54. Kd2 Ke7 55. Kc1 Rb5 56. Re3 Rd5 57. Kd2 Kd7 58. Re1 Ke8 59. Re3 Kf7 60. Re1 g6 61. e6+ Ke7 62. fxg6 Rc5 63. g7 Rc8 64. Kxd3 Rd8+ 65. Kxc2 1-0

[Event "Titled Tuesday intern op 30th Jan Late"]
[White "Cremisi, Daniel Josef"]
[Black "Gallasch, Jonas"]
[Site "Chess.com INT"]
[Round "1"]
[Result "1-0"]
[Date "2024.01.30"]
[WhiteElo "2163"]
[BlackElo "2283"]
[PlyCount "51"]
[EventDate "2024.01.30"]
[EventType "swiss (blitz)"]
[EventRounds "11"]
[EventCountry "USA"]
[SourceTitle "EXT 2025"]
[Source "ChessBase"]
[SourceDate "2024.10.14"]
[SourceVersion "1"]
[SourceVersionDate "2024.10.14"]
[SourceQuality "1"]

1. d4 Nf6 2. c4 g6 3. Nc3 d5 4. cxd5 Nxd5 5. e4 Nxc3 6. bxc3 Bg7 7. Nf3 c5 8. Rb1 0-0 9. Be2 cxd4 10. cxd4 Qa5+ 11. Qd2 Qxd2+ 12. Bxd2 Nc6 13. d5 Nd4 14. Nxd4 Bxd4 15. 0-0 b6 16. Rfc1 e6 17. Bb4 Rd8 18. Bb5 Bd7 19. Be7 Re8 20. d6 Bxb5 21. Rxb5 Bc5 22. e5 Rab8 23. Kf1 f5 24. Rcxc5 bxc5 25. Rxb8 Rxb8 26. d7 1-0

[Event "Titled Tuesday intern op 23rd Jan Early"]
[White "Cremisi, Daniel Josef"]
[Black "Bueno, Alfeu Varela Jr"]
[Site "Chess.com INT"]
[Round "1"]
[Result "1-0"]
[Date "2024.01.23"]
[WhiteElo "2170"]
[BlackElo "2156"]
[PlyCount "97"]
[EventDate "2024.01.23"]
[EventType "swiss (blitz)"]
[EventRounds "11"]
[EventCountry "USA"]
[SourceTitle "EXT 2025"]
[Source "ChessBase"]
[SourceDate "2024.10.14"]
[SourceVersion "1"]
[SourceVersionDate "2024.10.14"]
[SourceQuality "1"]

1. d4 e6 2. c4 f5 3. Nf3 b6 4. g3 Bb7 5. Bg2 Nf6 6. 0-0 Be7 7. Nc3 Ne4 8. Qc2 Nxc3 9. Qxc3 Bf6 10. Re1 0-0 11. Bf4 d6 12. Rad1 Qe8 13. Qd2 Nd7 14. b4 a5 15. a3 Kh8 16. h4 Qh5 17. Rc1 Rad8 18. bxa5 e5 19. Bg5 e4 20. Bxf6 Nxf6 21. Ng5 Rde8 22. axb6 e3 23. fxe3 Bxg2 24. Kxg2 cxb6 25. Rf1 h6 26. Nh3 Ne4 27. Qc2 Qg4 28. Rf3 Rf6 29. Rcf1 Ref8 30. Nf2 Nxf2 31. R1xf2 Rg6 32. c5 bxc5 33. dxc5 dxc5 34. Qxc5 Re8 35. Qxf5 Qxf5 36. Rxf5 Rxe3 37. R5f3 Re4 38. Rf8+ Kh7 39. Ra8 Rxh4 40. Rff8 Rg5 41. Rh8+ Kg6 42. Ra6+ Kh5 43. Rf8 Re4 44. Kf3 Rc4 45. Rf4 Rc3+ 46. e3 Rg6 47. Rh4+ Kg5 48. Rg4+ Kf5 49. Raxg6 1-0

[Event "Titled Tuesday intern op 23rd Jan Early"]
[White "Sasvatha, A."]
[Black "Cremisi, Daniel Josef"]
[Site "Chess.com INT"]
[Round "2"]
[Result "1/2-1/2"]
[Date "2024.01.23"]
[WhiteElo "1749"]
[BlackElo "2170"]
[PlyCount "106"]
[EventDate "2024.01.23"]
[EventType "swiss (blitz)"]
[EventRounds "11"]
[EventCountry "USA"]
[SourceTitle "EXT 2025"]
[Source "ChessBase"]
[SourceDate "2024.10.14"]
[SourceVersion "1"]
[SourceVersionDate "2024.10.14"]
[SourceQuality "1"]

1. e4 e6 2. d4 d5 3. exd5 exd5 4. Bd3 Nc6 5. c3 Bd6 6. Nf3 Nge7 7. Bg5 Bg4 8. Nbd2 Qd7 9. Qc2 h6 10. Bh4 0-0-0 11. 0-0-0 Rde8 12. Rde1 Nf5 13. Bg3 Nxg3 14. hxg3 Rxe1+ 15. Rxe1 Kb8 16. Kb1 Re8 17. Qd1 a6 18. Rxe8+ Qxe8 19. Qe2 Qxe2 20. Bxe2 Kc8 21. Bd3 Kd8 22. Kc2 Ke7 23. Nh2 Bd7 24. Nhf3 g5 25. Nf1 f5 26. Ne3 Be6 27. Bxf5 Nd8 28. g4 Bg8 29. Kd3 c6 30. g3 b6 31. Ne5 Bxe5 32. dxe5 c5 33. f4 c4+ 34. Ke2 Nc6 35. Nc2 Be6 36. Bxe6 Kxe6 37. Nd4+ Nxd4+ 38. cxd4 b5 39. b4 Ke7 40. Ke3 Kf7 41. Kd2 Ke7 42. Ke3 Kf7 43. f5 Ke7 44. Kd2 Kd7 45. Kc3 Ke7 46. Kb2 Kd7 47. a4 bxa4 48. Ka3 c3 49. e6+ Ke7 50. Ka2 Kd6 51. Ka3 Ke7 52. Ka2 Kf6 53. Ka3 Ke7 1/2-1/2

[Event "Titled Tuesday intern op 09th Jan Early"]
[White "Cremisi, Daniel Josef"]
[Black "Hercegovac, Neven"]
[Site "Chess.com INT"]
[Round "1"]
[Result "1-0"]
[Date "2024.01.09"]
[WhiteElo "2170"]
[BlackElo "2301"]
[PlyCount "59"]
[EventDate "2024.01.09"]
[EventType "swiss (blitz)"]
[EventRounds "11"]
[EventCountry "USA"]
[SourceTitle "CBM 218 Extra"]
[Source "ChessBase"]
[SourceDate "2024.03.31"]
[SourceVersion "1"]
[SourceVersionDate "2024.03.31"]
[SourceQuality "1"]

1. d4 d5 2. c4 c6 3. Nc3 Nf6 4. e3 e6 5. Nf3 Nbd7 6. Qc2 b6 7. Bd3 Bb7 8. 0-0 dxc4 9. Bxc4 a6 10. e4 b5 11. Bd3 c5 12. d5 exd5 13. exd5 Nxd5 14. Nxd5 Bxd5 15. Bg5 f6 16. Bxh7 fxg5 17. Bg6+ Ke7 18. Rad1 Nf6 19. Rfe1+ Kd6 20. Nxg5 Kc6 21. Nf7 Qc7 22. Nxh8 Bd6 23. Nf7 Bxh2+ 24. Kf1 Bc4+ 25. Rd3 Bxf7 26. Bxf7 Qxf7 27. g3 Rh8 28. Red1 Bxg3 29. Rxg3 Rh1+ 30. Kg2 1-0

[Event "Titled Tuesday intern op 26th Dec Early"]
[White "Bok, Benjamin"]
[Black "Cremisi, Daniel Josef"]
[Site "Chess.com INT"]
[Round "2"]
[Result "0-1"]
[Date "2023.12.26"]
[WhiteElo "2614"]
[BlackElo "2170"]
[PlyCount "148"]
[EventDate "2023.12.26"]
[EventType "swiss (blitz)"]
[EventRounds "11"]
[EventCountry "USA"]
[SourceTitle "EXT 2025"]
[Source "ChessBase"]
[SourceDate "2024.10.14"]
[SourceVersion "1"]
[SourceVersionDate "2024.10.14"]
[SourceQuality "1"]

1. d4 Nf6 2. c4 e6 3. Nc3 d5 4. cxd5 Nxd5 5. e4 Nxc3 6. bxc3 c5 7. Rb1 cxd4 8. cxd4 Nc6 9. Nf3 Bb4+ 10. Bd2 Bxd2+ 11. Qxd2 0-0 12. Bb5 Bd7 13. 0-0 a6 14. Be2 b5 15. d5 exd5 16. exd5 Ne7 17. d6 Nf5 18. Rfd1 Be6 19. Ne5 Qf6 20. Nc6 Bd7 21. Rbc1 Rac8 22. Nb4 Rxc1 23. Qxc1 Nd4 24. Bf1 Bg4 25. Nd5 Qe5 26. Qc5 Ne2+ 27. Bxe2 Qxe2 28. Rf1 h6 29. a3 Be6 30. Ne7+ Kh8 31. h3 Qd3 32. Re1 Rd8 33. Nc6 Qxd6 34. Qxd6 Rxd6 35. Ne5 Rd4 36. Rc1 Ra4 37. Rc3 a5 38. Rc5 b4 39. axb4 axb4 40. Rb5 Ra1+ 41. Kh2 Rb1 42. Nd3 Bc4 43. Rb8+ Kh7 44. Nxb4 Rb2 45. f3 Bf1 46. Kg1 Bxg2 47. Nc6 Rxb8 48. Nxb8 Bxf3 49. Kf2 Bb7 50. Kg3 Kg6 51. Nd7 Ba6 52. Ne5+ Kf6 53. Nc6 Bb7 54. Nd4 Ke5 55. Ne2 f5 56. h4 g5 57. hxg5 hxg5 58. Kf2 f4 59. Nc1 g4 60. Nd3+ Kf5 61. Nc5 Bc8 62. Nd3 g3+ 63. Kg1 Bb7 64. Ne1 f3 65. Nd3 Ba6 66. Nf2 gxf2+ 67. Kxf2 Kf4 68. Ke1 Ke3 69. Kd1 f2 70. Kc2 f1Q 71. Kb3 Qb5+ 72. Ka3 Qb7 73. Ka2 Bc4+ 74. Ka3 Qb3# 0-1

[Event "Titled Tuesday intern op 05th Dec Early"]
[White "Shuvalova, Polina"]
[Black "Cremisi, Daniel Josef"]
[Site "Chess.com INT"]
[Round "2"]
[Result "0-1"]
[Date "2023.12.05"]
[WhiteElo "2475"]
[BlackElo "2170"]
[PlyCount "148"]
[EventDate "2023.12.05"]
[EventType "swiss (blitz)"]
[EventRounds "11"]
[EventCountry "USA"]
[SourceTitle "EXT 2025"]
[Source "ChessBase"]
[SourceDate "2024.10.14"]
[SourceVersion "1"]
[SourceVersionDate "2024.10.14"]
[SourceQuality "1"]

1. e4 e6 2. d4 d5 3. Nd2 dxe4 4. Nxe4 Nd7 5. Nf3 Be7 6. Bd3 Ngf6 7. Qe2 b6 8. Nxf6+ Nxf6 9. Bb5+ Bd7 10. Ne5 0-0 11. Nxd7 Nxd7 12. 0-0 Nf6 13. c3 c5 14. Rd1 Qc7 15. Bg5 cxd4 16. Rxd4 Rad8 17. Rad1 Rxd4 18. Rxd4 Rd8 19. Qd1 Rxd4 20. Qxd4 Qc5 21. Qxc5 Bxc5 22. Bc6 h6 23. Bd2 Ng4 24. Be1 Kf8 25. h3 Ne5 26. Bb5 Ke7 27. Kf1 Bd6 28. Ke2 Nd7 29. Bd2 Nf6 30. g3 Nd5 31. a3 h5 32. h4 f5 33. c4 Nf6 34. Bc6 Bc5 35. Bf3 g6 36. Bc3 Ng4 37. b4 Bd6 38. Bb7 Be5 39. Be1 Bb2 40. a4 Be5 41. Kd3 Bd6 42. Kc3 Nf6 43. Kb3 Kd7 44. a5 Kc7 45. a6 Ng4 46. Ka4 Ne5 47. Kb5 Nd3 48. Bc3 Nxf2 49. Bd4 Ne4 50. c5 bxc5 51. bxc5 Bxg3 52. c6 Nd6+ 53. Kb4 Nxb7 54. cxb7 Kb8 55. Kb5 Bd6 56. Kc6 Bh2 57. Kd7 e5 58. Bc5 e4 59. Be3 f4 60. Bd4 f3 61. Be3 Be5 62. Bf2 Bf4 63. Bc5 e3 64. Be7 f2 65. Bg5 Bxg5 66. hxg5 f1Q 67. Ke7 Qxa6 68. Kf7 Qb6 69. Kg7 a5 70. Kh6 a4 71. Kh7 a3 72. Kg8 a2 73. Kh7 a1Q 74. Kh6 Qh8# 0-1

[Event "Titled Tuesday intern op 05th Dec Early"]
[White "Verbin, Valentina"]
[Black "Cremisi, Daniel Josef"]
[Site "Chess.com INT"]
[Round "1"]
[Result "0-1"]
[Date "2023.12.05"]
[WhiteElo "2069"]
[BlackElo "2170"]
[PlyCount "64"]
[EventDate "2023.12.05"]
[EventType "swiss (blitz)"]
[EventRounds "11"]
[EventCountry "USA"]
[SourceTitle "EXT 2025"]
[Source "ChessBase"]
[SourceDate "2024.10.14"]
[SourceVersion "1"]
[SourceVersionDate "2024.10.14"]
[SourceQuality "1"]

1. Nf3 Nf6 2. g3 d5 3. Bg2 b6 4. c4 c6 5. cxd5 cxd5 6. 0-0 g6 7. Ne5 Bg7 8. Qa4+ Bd7 9. Nxd7 Qxd7 10. Qb3 0-0 11. Nc3 Rd8 12. d3 Nc6 13. Bg5 e6 14. e4 d4 15. Ne2 h6 16. Bd2 e5 17. Rac1 Rac8 18. f4 Ng4 19. f5 g5 20. Bf3 Ne3 21. Bxe3 dxe3 22. Rcd1 Bf6 23. Nc3 Nd4 24. Qa3 Rxc3 25. Qxc3 e2 26. Rde1 exf1Q+ 27. Rxf1 Rc8 28. Qd2 Rc2 29. Qe1 Nxf3+ 30. Rxf3 Qd4+ 31. Kh1 Qc5 32. h4 Rc1 0-1

[Event "Titled Tuesday intern op 21st Nov Late"]
[White "Cremisi, Daniel Josef"]
[Black "Cooper, Aaron"]
[Site "Chess.com INT"]
[Round "1"]
[Result "0-1"]
[Date "2023.11.21"]
[WhiteElo "2170"]
[BlackElo "1904"]
[PlyCount "58"]
[EventDate "2023.11.21"]
[EventType "swiss (blitz)"]
[EventRounds "11"]
[EventCountry "USA"]
[SourceTitle "EXT 2025"]
[Source "ChessBase"]
[SourceDate "2024.10.14"]
[SourceVersion "1"]
[SourceVersionDate "2024.10.14"]
[SourceQuality "1"]

1. d4 d5 2. c4 e6 3. Nc3 Nf6 4. cxd5 exd5 5. Bg5 Nbd7 6. e3 c6 7. Bd3 Be7 8. Qc2 0-0 9. Nge2 Re8 10. 0-0 Nf8 11. Rab1 a5 12. f3 Nh5 13. Bxe7 Qxe7 14. e4 dxe4 15. fxe4 Qg5 16. e5 Ng6 17. Ne4 Qe3+ 18. Kh1 Bg4 19. Nd6 Bxe2 20. Qxe2 Qxd4 21. Bxg6 hxg6 22. Nxe8 Rxe8 23. Rbd1 Qh4 24. Qf3 f5 25. exf6 Nxf6 26. Qb3+ Kh8 27. Qf7 Rg8 28. Qxg6 Ng4 29. Rd3 Qxh2# 0-1

[Event "Titled Tuesday intern op 21st Nov Early"]
[White "Cremisi, Daniel Josef"]
[Black "Nasybullina, Alfia"]
[Site "Chess.com INT"]
[Round "1"]
[Result "1-0"]
[Date "2023.11.21"]
[WhiteElo "2170"]
[BlackElo "2045"]
[PlyCount "75"]
[EventDate "2023.11.21"]
[EventType "swiss (blitz)"]
[EventRounds "11"]
[EventCountry "USA"]
[SourceTitle "EXT 2025"]
[Source "ChessBase"]
[SourceDate "2024.10.14"]
[SourceVersion "1"]
[SourceVersionDate "2024.10.14"]
[SourceQuality "1"]

1. d4 Nf6 2. c4 c5 3. d5 e6 4. Nc3 exd5 5. cxd5 d6 6. e4 g6 7. h3 Bg7 8. Bd3 0-0 9. Nge2 b6 10. 0-0 Ba6 11. a4 Qe7 12. Bg5 Bxd3 13. Qxd3 Nbd7 14. a5 h6 15. Bh4 Ne5 16. Qb5 Qd7 17. Qxd7 Nfxd7 18. Be7 Rfe8 19. Bxd6 Nc4 20. Bc7 Nxb2 21. axb6 axb6 22. Rxa8 Rxa8 23. Nb5 Ra4 24. f3 Rb4 25. Na7 c4 26. Nc6 Ra4 27. e5 b5 28. Nc3 Ra8 29. Nxb5 Nd3 30. e6 fxe6 31. dxe6 N7e5 32. Nxe5 Bxe5 33. Bxe5 Nxe5 34. Re1 Nd3 35. Re4 Re8 36. Nc7 Nc5 37. Rxc4 Nxe6 38. Nxe8 1-0

[Event "Titled Tuesday intern op 24th Oct Early"]
[White "Cremisi, Daniel Josef"]
[Black "Kovalev, Vladislav"]
[Site "Chess.com INT"]
[Round "2"]
[Result "0-1"]
[Date "2023.10.24"]
[WhiteElo "2170"]
[BlackElo "2582"]
[PlyCount "80"]
[EventDate "2023.10.24"]
[EventType "swiss (blitz)"]
[EventRounds "11"]
[EventCountry "USA"]
[SourceTitle "EXT 2025"]
[Source "ChessBase"]
[SourceDate "2024.10.14"]
[SourceVersion "1"]
[SourceVersionDate "2024.10.14"]
[SourceQuality "1"]

1. d4 Nf6 2. Nf3 e6 3. c4 b6 4. g3 Bb4+ 5. Bd2 Qe7 6. Bg2 Bb7 7. 0-0 Bxd2 8. Qxd2 0-0 9. Nc3 Ne4 10. Nxe4 Bxe4 11. Qf4 d5 12. cxd5 exd5 13. Rac1 c5 14. dxc5 bxc5 15. Qe5 Qxe5 16. Nxe5 Bxg2 17. Kxg2 Na6 18. Rfd1 d4 19. Nd3 Rfc8 20. Rc4 Rab8 21. Rdc1 g6 22. b3 Rb5 23. Ra4 Rc6 24. Rxd4 Re6 25. Ra4 Nb4 26. Rxc5 Nxd3 27. Rxb5 Rxe2 28. Kf3 Rb2 29. Rxa7 Nxf2 30. Rbb7 Nd1 31. Ke4 Nc3+ 32. Kd3 Nxa2 33. Rxf7 Rxb3+ 34. Kc2 Rb6 35. Rg7+ Kf8 36. Rxh7 Nb4+ 37. Kd2 Kg8 38. Rag7+ Kf8 39. Rb7 Rxb7 40. Rc7 Rxc7 0-1

[Event "Titled Tuesday intern op 03rd Oct Early"]
[White "Sailer, Mike L"]
[Black "Cremisi, Daniel Josef"]
[Site "Chess.com INT"]
[Round "1"]
[Result "1/2-1/2"]
[Date "2023.10.03"]
[WhiteElo "2095"]
[BlackElo "2170"]
[PlyCount "107"]
[EventDate "2023.10.03"]
[EventType "swiss (blitz)"]
[EventRounds "11"]
[EventCountry "USA"]
[SourceTitle "EXT 2025"]
[Source "ChessBase"]
[SourceDate "2024.10.14"]
[SourceVersion "1"]
[SourceVersionDate "2024.10.14"]
[SourceQuality "1"]

1. d4 d5 2. Bf4 Nf6 3. Nc3 g6 4. Qd2 Bg7 5. Bh6 0-0 6. Bxg7 Kxg7 7. 0-0-0 c6 8. f3 b5 9. e3 a5 10. Bd3 a4 11. g4 b4 12. Nce2 b3 13. a3 bxc2 14. Bxc2 Qb6 15. h4 Nbd7 16. h5 Rb8 17. Bxa4 Ba6 18. Nc3 Rfc8 19. hxg6 fxg6 20. g5 Nh5 21. Rxh5 gxh5 22. Nh3 Bb5 23. Nf4 Bxa4 24. Nxh5+ Kh8 25. Nxa4 Qb3 26. Nc5 Nxc5 27. dxc5 Qc4+ 28. Kb1 Qxc5 29. g6 Qd6 30. Nf4 e5 31. Rh1 Qxa3 32. Rxh7+ Kg8 33. Qh2 Rxb2+ 34. Qxb2 Qxb2+ 35. Kxb2 exf4 36. exf4 Rf8 37. Rh4 Kg7 38. Rg4 d4 39. Kb3 c5 40. Kc4 Rf5 41. Rg5 Rxg5 42. fxg5 Kxg6 43. f4 Kf5 44. Kd3 Kg6 45. Ke4 Kh5 46. Kd3 Kg6 47. Ke4 Kg7 48. f5 Kf7 49. f6 Ke6 50. Kd3 Kf7 51. Kc4 Ke6 52. Kd3 Kf7 53. Ke4 Ke6 54. Kd3 1/2-1/2

[Event "Titled Tuesday intern op 12th Sep Late"]
[White "Cremisi, Daniel Josef"]
[Black "Yoo, Christopher Woojin"]
[Site "Chess.com INT"]
[Round "2"]
[Result "0-1"]
[Date "2023.09.12"]
[WhiteElo "2170"]
[BlackElo "2606"]
[PlyCount "124"]
[EventDate "2023.09.12"]
[EventType "swiss (blitz)"]
[EventRounds "11"]
[EventCountry "USA"]
[SourceTitle "EXT 2024"]
[Source "ChessBase"]
[SourceDate "2023.10.10"]
[SourceVersion "1"]
[SourceVersionDate "2023.10.10"]
[SourceQuality "1"]

1. d4 Nc6 2. Nf3 d6 3. e4 Nf6 4. Nc3 Bg4 5. d5 Nb8 6. Be2 g6 7. 0-0 Bg7 8. h3 Bxf3 9. Bxf3 0-0 10. Bf4 Nbd7 11. Qd2 c6 12. Rfe1 Rc8 13. Bh2 Qa5 14. Rad1 Rfe8 15. a3 Nb6 16. dxc6 bxc6 17. Qd3 Nfd7 18. Bg4 h5 19. Bxd7 Nxd7 20. Qc4 Nb6 21. Qd3 Rb8 22. e5 dxe5 23. Qe4 Qc5 24. Bxe5 Bxe5 25. Qxe5 Qxe5 26. Rxe5 Nc4 27. Re4 Nxb2 28. Rd7 a5 29. Rexe7 Rxe7 30. Rxe7 Nc4 31. a4 Rb2 32. Rc7 Rxc2 33. Ne4 Ne5 34. Ng5 Rc4 35. g3 f6 36. Ne6 Rxa4 37. f4 Nf3+ 38. Kf2 Nd4 39. Nxd4 Rxd4 40. Rxc6 Kf7 41. Ra6 a4 42. Ra7+ Ke6 43. Ke3 Rb4 44. Kf3 Kd5 45. Ra6 Rb3+ 46. Kf2 a3 47. Rxf6 h4 48. gxh4 Rxh3 49. Rxg6 a2 50. Ra6 Rh1 51. Rxa2 Rh2+ 52. Kg3 Rxa2 53. Kg4 Ke6 54. Kg5 Kf7 55. Kf5 Ra8 56. Kg5 Rh8 57. h5 Kg7 58. f5 Kf7 59. h6 Rh7 60. f6 Rh8 61. Kf5 Rxh6 62. Kg5 Rxf6 0-1

[Event "Titled Tuesday intern op 12th Sep Early"]
[White "Samunenkov, Igor"]
[Black "Cremisi, Daniel Josef"]
[Site "Chess.com INT"]
[Round "2"]
[Result "1-0"]
[Date "2023.09.12"]
[WhiteElo "2517"]
[BlackElo "2170"]
[PlyCount "47"]
[EventDate "2023.09.12"]
[EventType "swiss (blitz)"]
[EventRounds "11"]
[EventCountry "USA"]
[SourceTitle "EXT 2024"]
[Source "ChessBase"]
[SourceDate "2023.10.10"]
[SourceVersion "1"]
[SourceVersionDate "2023.10.10"]
[SourceQuality "1"]

1. e4 e6 2. d4 d5 3. Nd2 a6 4. Bd3 dxe4 5. Nxe4 Nd7 6. Nf3 Ngf6 7. Nxf6+ Nxf6 8. 0-0 Be7 9. a4 0-0 10. Qe2 b6 11. a5 b5 12. Rd1 Bb7 13. c4 bxc4 14. Bxc4 Nd5 15. Bd2 Bd6 16. g3 Qf6 17. Ne5 Bxe5 18. dxe5 Qf5 19. Bd3 Qh3 20. f3 Rfd8 21. Ra4 g5 22. Bxg5 Qh5 23. Bxd8 Rxd8 24. Rh4 1-0